Spiritual renewal! (Record no. 6146)

MARC details
000 -LEADER
fixed length control field 00770cam a2200265 4500
001 - CONTROL NUMBER
control field 2670489
003 - CONTROL NUMBER IDENTIFIER
control field GBCCL
005 - DATE AND TIME OF LATEST TRANSACTION
control field 20241126110557.0
008 - FIXED-LENGTH DATA ELEMENTS--GENERAL INFORMATION
fixed length control field 740415s1973 cau 000 0 eng
010 ## -
-- 73085947
020 ## - INTERNATIONAL STANDARD BOOK NUMBER
International Standard Book Number 0830702318
040 ## - CATALOGING SOURCE
Original cataloging agency DLC
Transcribing agency DLC
Modifying agency DLC
050 00 -
-- BV4510.2
-- .K46
082 00 - DEWEY DECIMAL CLASSIFICATION NUMBER
Classification number 248.32
Item number KEN
100 1# - MAIN ENTRY--PERSONAL NAME
Personal name Kennedy, D. James
Fuller form of name (Dennis James),
Dates associated with a name 1930-2007.
9 (RLIN) 3404
245 10 - TITLE STATEMENT
Title Spiritual renewal!
Statement of responsibility, etc. [by] D. James Kennedy.
250 ## - EDITION STATEMENT
Edition statement 2nd printing
260 ## - PUBLICATION, DISTRIBUTION, ETC.
Place of publication, distribution, etc. Glendale, Calif.:
Name of publisher, distributor, etc. G/L Regal Books,
Date of publication, distribution, etc. 1975
300 ## - PHYSICAL DESCRIPTION
Extent 92 p.
Dimensions 17cm.
350 ## - PRICE (NR) (BK AM CF MU VM SE) [OBSOLETE]
Price $1.25
650 #0 - SUBJECT ADDED ENTRY--TOPICAL TERM
Topical term or geographic name entry element Christian life
General subdivision Presbyterian authors.
9 (RLIN) 552
650 #0 - SUBJECT ADDED ENTRY--TOPICAL TERM
Topical term or geographic name entry element Prayer
General subdivision Christianity.
9 (RLIN) 227
906 ## - LOCAL DATA ELEMENT F, LDF (RLIN)
a 7
b cbc
c orignew
d 2
e opcn
f 19
g y-gencatlg
942 ## - ADDED ENTRY ELEMENTS (KOHA)
Source of classification or shelving scheme Dewey Decimal Classification
Koha item type Books
Koha issues (borrowed), all copies 2
Holdings
Withdrawn status Lost status Source of classification or shelving scheme Damaged status Not for loan Home library Current Library Shelving location Date acquired Total checkouts Full call number Barcode Date last seen Date last checked out Copy number Price effective from Koha item type
    Dewey Decimal Classification     GRACE BIBLE COLLEGE GRACE BIBLE COLLEGE Ministry & Mission 2018-05-02 2 248.32 KEN 004482 2025-05-01 2019-03-22 c.1 2018-05-02 Books
    Dewey Decimal Classification     GRACE BIBLE COLLEGE GRACE BIBLE COLLEGE Ministry & Mission 2018-08-28   248.32 KEN 004486 2025-05-01   c.2 2018-08-28 Books
    Dewey Decimal Classification     GRACE BIBLE COLLEGE GRACE BIBLE COLLEGE Ministry & Mission 2019-07-09   248.32 KEN 004487 2025-05-01   c.3 2019-07-09 Books
© Grace Bible College Library 2025